1361 1602 1147 1488 1603 1314 1103 1854 1448 1725 1257 1978 1907 1204 1196 1564 1297 1745 1286 1957 1987 1496 1308 1401 1840 1641 1784 1252 1373 1905 1345 1126 1634 1086 1103 1810 1313 1179 1656 1378 1706 1593 1637 1179 1301 1579 1552 1288 1576 1105 1418 1769 1221 1352 1528 1373 1750 1724 1813 1396 1987 1760 1681 1724 1424 1936 1745 1573 1653 1844 1656 1416 1183 1792 1042 1109 1163 1566 1919 1100 1119 1184 1741 1830 1682 1576 1891 1744 1131 1070 1724 1201 1049 1730 1057 1310 1867 1041 1251 BCNSPRNW ULIB Ver.6.0+V

เปลี่ยนเป็นภาษาไทย

Change to English
 แสดงรายละเอียดบรรณานุกรม
  กลับหน้าหลัก

Brief Record : Get Marc (ISO 2709) : E-mail record : QR code < ปิดหน้าต่าง
LEADER : 00000nam 2200000uu 4500
001    13399126740
003     ULIB
008    190226s2019||||th 000 0 eng d
020    ^a9780702070129 ^qpaperback
020    ^a0702070122 ^qpaperback
060 10 ^aWB330^bC641
130 0  ^aClinical pharmacy and therapeutics (Walker)
245 10 ^aClinical pharmacy and therapeutics / ^cedited by Cate Whittlesea and Karen Hodson.
250    ^aSixth edition.
250    ^aInternational edition.
260     ^aOxford : ^b Elsevier, ^c 2019.
300    ^axiv, 1094 pages : ^bcolor illustrations ; ^c28 cm
504    ^aIncludes bibliographical references and index.
650 12 ^aDrug Therapy
650 12 ^aPharmaceutical Preparations
650 22 ^aPharmacological Phenomena
700 1  ^aWhittlesea, Cate,^eeditor.
700 1  ^aHodson, Karen,^eeditor.
945    ^p1989^l0^i005405
999    ^aประนอม เกษจรัล
รายการนี้ยังไม่มีแท็ก
คุณยังไม่ได้ล็อกอิน คุณสามารถมีกิจกรรมร่วมกับเว็บไซต์ได้ แต่ต้องล็อกอินก่อน ::
  ล็อกอิน

รายการสื่อสารสนเทศ

ลำดับที่ ประเภท เลขเรียก/บาร์โค้ด สถานที่ สถานะ
1. วิทยาศาสตร์การแพทย์ และสุขภาพ
หนังสือสำรอง
สถานะ=หนังสือสำรอง
WB330 C641 ฉ.1 
  Barcode: 005405
ห้องสมุดวิทยาเขตสวรรค์ประชารักษ์
►หนังสือทั่วไป
บนชั้น

รายการใกล้เคียง
    หัวเรื่อง [Drug Therapy]
    หัวเรื่อง [Pharmaceutical Preparations]
    หัวเรื่อง [Pharmacological Phenomena]

BibComment


ยังไม่เคยถูกคอมเมนท์

คอมเมนท์ทรัพยากรรายการนี้
  คอมเมนท์: Clinical pharmac..


 Copyright 2026. Bcnsprnw @Library